Teaching by principles : (Record no. 2200)

MARC details
000 -LEADER
fixed length control field 00877nam a2200229 a 4500
003 - CONTROL NUMBER IDENTIFIER
control field BD-DhJNU
005 - DATE AND TIME OF LATEST TRANSACTION
control field 20251008093209.0
008 - FIXED-LENGTH DATA ELEMENTS--GENERAL INFORMATION
fixed length control field 141209s2015 nyu b 001 0 eng
020 ## - INTERNATIONAL STANDARD BOOK NUMBER
International Standard Book Number 9780133925852
Qualifying information pbk.
020 ## - INTERNATIONAL STANDARD BOOK NUMBER
International Standard Book Number 0133925854
Qualifying information pbk.
040 ## - CATALOGING SOURCE
Original cataloging agency BD-DhJNU
Language of cataloging ENG
Transcribing agency BD-DhJNU
Modifying agency BD-DhJNU
082 00 - DEWEY DECIMAL CLASSIFICATION NUMBER
Classification number 418.0071 BRT
Edition number 23
100 1# - MAIN ENTRY--PERSONAL NAME
Personal name Brown, H. Douglas,
Dates associated with a name 1941-
245 10 - TITLE STATEMENT
Title Teaching by principles :
Remainder of title an interactive approach to language pedagogy /
Statement of responsibility, etc. H. Douglas Brown, San Francisco State University, Heekyeong Lee, Monterey Institute of International Studies.
250 ## - EDITION STATEMENT
Edition statement Fourth edition.
264 #1 - PRODUCTION, PUBLICATION, DISTRIBUTION, MANUFACTURE, AND COPYRIGHT NOTICE
Place of production, publication, distribution, manufacture White Plains, NY :
Name of producer, publisher, distributor, manufacturer Pearson Education,
Date of production, publication, distribution, manufacture, or copyright notice [2015]
300 ## - PHYSICAL DESCRIPTION
Extent xvi, 668 pages ;
Dimensions 24 cm
504 ## - BIBLIOGRAPHY, ETC. NOTE
Bibliography, etc. note Includes bibliographical references (pages 589-627) and indexes.
650 #0 - SUBJECT ADDED ENTRY--TOPICAL TERM
Topical term or geographic name entry element Language and languages
General subdivision Study and teaching.
700 1# - ADDED ENTRY--PERSONAL NAME
Personal name Lee, Heekyeong.
942 ## - ADDED ENTRY ELEMENTS (KOHA)
Koha item type Books
Holdings
Withdrawn status Lost status Source of classification or shelving scheme Damaged status Not for loan Collection Home library Current library Shelving location Date acquired Source of acquisition Total checkouts Full call number Barcode Date last seen Copy number Price effective from Koha item type
    Dewey Decimal Classification     Non-fiction Jagannath University Central Library Jagannath University Central Library General stacks 10/08/2025 Purchased   418.0071 BRT JNUCL36301 10/08/2025 1 10/08/2025 Books